| 000 | 01155nam a22003371 4500 | ||
|---|---|---|---|
| 999 |
_c8587 _d8587 |
||
| 001 | 8587 | ||
| 003 | BD - JhCC | ||
| 005 | 20180920093950.0 | ||
| 008 | 711124s1965 nyu b 000 0 eng | ||
| 035 | _a(BD - JhCC)8587 | ||
| 035 | _a(OCoLC)00252781 | ||
| 035 | _aGLIS00368155 | ||
| 040 |
_aDLC _cDLC _dm.c. _dMYG _dBD - JhCC |
||
| 041 | _aeng | ||
| 050 | 0 |
_aHJ257 _b.P45 1965 |
|
| 082 |
_bPHE 1965 _a350 |
||
| 090 |
_aHJ257 _b.P538 1965 |
||
| 099 | _aHJ257.P538 1965 | ||
| 100 | 1 | _aPhelps, Edmund S. | |
| 245 | 1 | 0 |
_aPrivate wants and public needs : _bissues surrounding the size and scope of Government expenditure / _cEdited with an introd. by Edmund S. Phelps. |
| 250 | _aRev. ed. | ||
| 260 |
_aNew York, _bW. W. Norton _c[1965] |
||
| 300 |
_axiii, 178 p. _c21 cm. |
||
| 490 | 1 | _aProblems of the modern economy | |
| 504 | _aBibliography: p. 177-178. Bibliographical footnotes. | ||
| 650 | 0 |
_aFiscal policy _zUnited States. |
|
| 830 | 0 | _aProblems of the modern economy. | |
| 942 |
_2ddc _cBK |
||
| 949 |
_aMYGR _b39080003653042 _aMYGD _b39080003518799 _b39080003518807 _aMYGH _b39080003518815 |
||